Thesaurus socio-económico; una experiencia nacional de estructuración

Guardat en:
Dades bibliogràfiques
Autor principal: Jiménez Muñoz, Dina
Format: Text
Publicat: San Pedro de M. de O.: UCR. IIS
Etiquetes: Afegir etiqueta
Sense etiquetes, Sigues el primer a etiquetar aquest registre!

MARC

LEADER 00000 a a2200000 04500
001 15708
003
040
090 |a EXTRAVIADO  
100 |a Jiménez Muñoz, Dina  
245 |a Thesaurus socio-económico; una experiencia nacional de estructuración  
260 |a San Pedro de M. de O.:   |b UCR. IIS  
300 |a 68 p.  
999 |c 8479  |d 8479